000 00872cam a22002891a 4500
999 _c21841
_d21841
001 6098033
003 BDDh-ASL
005 20231015030041.0
008 820113s1962 nyua b 001 0 eng
010 _a 62017298
035 _a(OCoLC)8060132
040 _aDLC
_cPP
_dMoSU-L
_dOCoLC
_dODaWU
_dDLC
_dBDDh-ASL
042 _apremarc
043 _aa-ii---
_aa-pk---
050 0 0 _aDS480.84
_b.T5 1962
082 _a327.5405
_bTII
100 1 _aTinker, Hugh.
245 1 0 _aIndia and Pakistan :
_ba political analysis /
_cHugh Tinker.
260 _aNew York :
_bPraeger,
_cc1962.
300 _a228 p. :
_bill. ;
_c21 cm.
500 _aIncludes index.
504 _aBibliography: p. 217-220.
651 0 _aIndia
_xPolitics and government
_y1947-
651 0 _aPakistan
_xPolitics and government.
906 _a7
_bcbc
_coclcrpl
_du
_encip
_f19
_gy-gencatlg
942 _2ddc
_cBK